01731nam a2200253Ia 450000500170000000800410001704000700005804100080012808200150013610000350015124502480018626000710043430000450050550002610055050502520081150600220106365000510108565000470113665000630118365000150124665000180126170000300127985601680130920170613112544.0130821s1698 sp a grff spa  aCo-BoUCMbspacSandra Yazo (modificó)dSandra Yazo (modificó)0 aspa04a265.622201 aCorella, Jaime ded(1657-1699)10aPractica de el confessonarioby explicacion de las sesenta y cinco proposiciones condenadas por la Santidad de N. S. P. Inocencio XI. Su materia, los casos mas selectos de la theologia moral, su forma, un dialogo entre el confessor, y penitent aMadrid (España)bEn la impresnta de Juan Garcia Infançonc1698 axxvi, [16], 493 páginasbilustraciones aDescripción física: Encuadernación en pergamino, en regular estado de conservación. Desencuadernado, Tiene guardas, portadilla y portada destruidas. Portada impresa a dos colores, con un grabado sencillo de un león. En pág. III un grabado de la0 aTratado 1: el primer mandamiento. ; Tratado 2: Del segundo mandamiento. ; Tratado 3:Del tercer mandamiento. ; Tratado 4: Del cuarto mandamiento. ; Tratado 5: Del quinto mandamiento. ; Tratado 6: Del sexto mandamiento. ; Tratado 7: Del séptimo ma aConsulta en sala. 7aConfesiónvManualesxObras anteriores a 1700 7aÉtica cristianaxObras anteriores a 1700 7aMandamientos de DiosxConfesiónxObras anteriores a 1700 7aReligión 7aCasuística 1 aGarcía Infanzón, Juan41zDisponible en línea eidición de 1704uhttp://books.google.com/books?id=RhaBIfk8KAIC&printsec=frontcover&hl=es&source=gbs_ge_summary_r&cad=0#v=onepage&q&f=false